Sports Quiz

Random Sports or Baseball Quiz
Score 0/8 Timer 01:00
0 Plays Today
Team % Correct
Cincinnati Reds
95.2%
Boston Red Sox
84.1%
Los Angeles Angels of Anaheim
81%
Montreal Expos
76.2%
Oakland Athletics
76.2%
Cleveland Indians
66.7%
Minnesota Twins
65.1%
Chicago White Sox
63.5%
Come Together.
Have Fun.
All Virtual.
We all need to come together. Play Sporcle's virtual live trivia to have fun, connect with people, and get your trivia on. Join a live hosted trivia game for your favorite pub trivia experience done virtually. If a virtual private party is more your thing, go here for details.

You're not logged in!

Compare scores with friends on all Sporcle quizzes.
OR
Log In

Sporcle TV

Today on Sporcle TV


Watch our educational content, quiz creation guides, and fun videos on Sporcle TV.

Show Comments

Extras

Top Quizzes Today


Score Distribution

Paid Content

Your Account Isn't Verified!

In order to create a playlist on Sporcle, you need to verify the email address you used during registration. Go to your Sporcle Settings to finish the process.

Report this User

Report this user for behavior that violates our Community Guidelines.

Details: